Kalibre pre Edisonov závit. STN 25 4354. ST SEV 3152-81 : Účinnosť: 1.1.1984

Uložené v:
Podrobná bibliografia
Médium: Kniha
Jazyk:Slovak
Vydavateľské údaje: Praha : Úřad pro normalizaci a měření, 1983
Predmet:
Tagy: Pridať tag
Žiadne tagy, Buďte prvý, kto otaguje tento záznam!

MARC

LEADER 00000nam a22000003a 4500
001 stu79587
005 20150408175422.7
008 030307s1983----cs------------------slo-d
040 |a STU  |b slo 
041 0 |a slo 
044 |a cs 
080 |a 621.753.3 
245 |a Kalibre pre Edisonov závit. STN 25 4354. ST SEV 3152-81 :  |b Účinnosť: 1.1.1984 
260 |a Praha :  |b Úřad pro normalizaci a měření,  |c 1983 
300 |a 8 s 
650 7 |a závit Edisonov  |2 stusub 
996 |b 284M039436  |c M*N-743-1  |l MMKN  |s A  |a 24  |w stu79587_0001